30 titres de chansons en J - Statistiques

Statistiques générales
  • Ce quiz a été pris 74 fois
  • Le résultat moyen est 11 sur 30
Statistiques - réponses
Hint Réponse % Correct
Lara Fabian Je t'aime
83%
Vanessa Paradis Joe le taxi
72%
Louane Jour 1
72%
Céline Dion et Jean-Jacques Goldman J'irai ou tu iras
71%
Zaz Je veux
63%
Serge Lama Je suis malade
60%
Indochine J'ai demandé à la lune
51%
Amir J'ai cherché
49%
Johnny Hallyday Je te promets
46%
Saez Jeune et con
45%
Laurent Voulzy Jeanne
43%
Diam's Jeune demoiselle
42%
Louise Attaque J'temmene au vent
40%
Il était une fois J'ai encore rêvé d'elle
38%
Francis Cabrel Je l'aime à mourir
38%
Zazie Je suis un homme
38%
Daniel Balavoine Je ne suis pas un héros
37%
Christophe Willem Jacques à dit
31%
Lady Gaga Just dance
26%
M Pokora Juste une photo de toi
25%
Jean-Pierre François Je te survivrai
22%
Master KG Jerusalema
20%
M Je dis aime
18%
Michel Sardou Je vais t'aimer
17%
Niagara J'ai vu
14%
Jacques Dutronc J'aime les filles
9%
Grégory Lemarchal Je t'écris
9%
Gérald De Palmas J'en rêve encore
8%
Claude François Je vais à Rio
3%
Shy'm Je suis moi
2%
Aucun quiz correspondant
Distribution des résultats
% des personnes avec chaque résultat
Percentile par nombre de réponses
Votre historique - résultats
Vous n’avez pas pris ce quiz